00271nam a2200097Ia 4500082001700000100001700017245004300034260004100077300001400118650004100132 aRR 423 PAX-E aPaxton, John 0aEveryman's dictionary of abbreviations aLondonbJ.M. Dent Publicationsc1974 axiii, 384 aAbbreviations, EnglishzDictionaries